000 01108nam a2200253 i 4500
001 160585
003 ES-MaACL
005 20250718063333.0
008 980915s1873 sp ||||1| spa d
040 _aM-MPT
_bspa
_cM-MPT
080 _a51.816(100)
100 1 _aNavasqüés, Emilio C. de
_eaut
_9130422
245 1 0 _aDe los convenios de Correos y de la correspondencia internacional /
_cpor Emilio C. de Navasqüés.
260 _aMadrid :
_b[s.n],
_c1873
_f(Imp. de Manuel G. Hernández)
300 _a82 páginas ;
_c22 cm.
530 _aDisponible en formato digital
650 4 _aCorreos-
_zEspaña-
_yS.XIX
_9167498
650 0 _aCorreos-
_xDerecho y legislación
_9241310
852 _aES-MaACL
_cDEPOF
_eEjemplar falto de cub. original
_gAn. ms.: Regalo de Antonio Escobar, 1878
_hDonativo de Antonio Escobar Laredo
_jT-271-F-9
_xEnc. en un vol. facticio
_xHolandesa
856 _uhttps://bdh-rd.bne.es/viewer.vm?id=0000048562&page=1
_yVersión en línea
_z(Biblioteca Digital Hispánica)
942 _2udc
_cFOLLETOS
_n0
999 _c160585
_d160585